The great balloon story / (Record no. 47812)

MARC details
000 -LEADER
fixed length control field 00673nam a22001937a 4500
005 - DATE AND TIME OF LATEST TRANSACTION
control field 20100927122930.0
008 - FIXED-LENGTH DATA ELEMENTS--GENERAL INFORMATION
fixed length control field 100927t xxu||||| |||| 00| 0 eng d
020 ## - INTERNATIONAL STANDARD BOOK NUMBER
International Standard Book Number 8123745141
Terms of availability 25.00
035 ## - SYSTEM CONTROL NUMBER
System control number B-165931
082 ## - DEWEY DECIMAL CLASSIFICATION NUMBER
Classification number S
100 ## - MAIN ENTRY--PERSONAL NAME
Personal name Murthi, R K
9 (RLIN) 21951
245 ## - TITLE STATEMENT
Title The great balloon story /
Statement of responsibility, etc by R K Murthi ; illustrated by Amitava Sengupta
260 ## - PUBLICATION, DISTRIBUTION, ETC. (IMPRINT)
Place of publication, distribution, etc New Delhi
Name of publisher, distributor, etc National Book Trust
Date of publication, distribution, etc 2005
300 ## - PHYSICAL DESCRIPTION
Extent 95p.
Other physical details ill.
Dimensions 17cm (pbk)
500 ## - GENERAL NOTE
General note Includes bibliographical references
700 ## - ADDED ENTRY--PERSONAL NAME
Personal name Sengupta, Amitava
9 (RLIN) 21952
942 ## - ADDED ENTRY ELEMENTS (KOHA)
Source of classification or shelving scheme Dewey Decimal Classification
Item type Children Books
Classification part S
Call number suffix MUR
Holdings
Withdrawn status Lost status Source of classification or shelving scheme Damaged status Not for loan Collection code Home library Current library Date acquired Cost, normal purchase price Total Checkouts Full call number Barcode Date last seen Copy number Cost, replacement price Koha item type
    Dewey Decimal Classification   Not For Loan Non-fiction Patel Nagar Patel Nagar 27/09/2010 25.00   S MUR B-165931 27/09/2010 1 25.00 Children Books

© Delhi Public Library
Hit Counter
free hit counter